000 00491cam a2200193 4500
001 D15588
008 090401t1982 xxu||||| |||| 00| 0 eng d
035 _a(Sirsi) u23862
041 _aeng
050 _a333.1
110 _aRoyal Institution of Chartered Surveyors
_94900
245 2 _aA land policy for the future: a discussion paper
260 _bRICS
_c1982
300 _a33p. 30cm
350 _a0
520 _aFiled in box RICS 1982/30 ABCD
942 _n0
948 _c04/03/1997
999 _c88462
_d88462